Oxford Journals Collection (Record no. 220203)
[ view plain ]
| 000 -CABECERA | |
|---|---|
| campo de control de longitud fija | 00977nam a22002537a 4500 |
| 003 - IDENTIFICADOR DEL NÚMERO DE CONTROL | |
| campo de control | OSt |
| 005 - FECHA Y HORA DE LA ÚLTIMA TRANSACCIÓN | |
| campo de control | 20250303121008.0 |
| 008 - DATOS DE LONGITUD FIJA--INFORMACIÓN GENERAL | |
| campo de control de longitud fija | 241018b |||||||| |||| 00| 0 eng d |
| 040 ## - FUENTE DE LA CATALOGACIÓN | |
| Centro catalogador/agencia de origen | Chap |
| Centro/agencia transcriptor | Chap |
| 245 00 - MENCIÓN DE TÍTULO | |
| Título | Oxford Journals Collection |
| 264 #1 - PRODUCCIÓN, PUBLICACIÓN, DISTRIBUCIÓN, FABRICACIÓN Y COPYRIGHT | |
| Nombre del de productor, editor, distribuidor, fabricante | Oxford University Press |
| 500 ## - NOTA GENERAL | |
| Nota general | 144 journals. Colección de revistas académicas multidisciplinarias. |
| 500 ## - NOTA GENERAL | |
| Nota general | 111 journals con factor de impacto. |
| 505 ## - NOTA DE CONTENIDO CON FORMATO | |
| Nota de contenido con formato | Humanidades, ciencias de la vida, física y matemáticas, ciencias sociales, derecho. |
| 650 #4 - PUNTO DE ACCESO ADICIONAL DE MATERIA--TÉRMINO DE MATERIA | |
| Término de materia o nombre geográfico como elemento de entrada | Humanidades |
| Subdivisión general | Filosofía |
| 9 (RLIN) | 127629 |
| 650 #4 - PUNTO DE ACCESO ADICIONAL DE MATERIA--TÉRMINO DE MATERIA | |
| Término de materia o nombre geográfico como elemento de entrada | Física |
| 9 (RLIN) | 41975 |
| 650 #4 - PUNTO DE ACCESO ADICIONAL DE MATERIA--TÉRMINO DE MATERIA | |
| Término de materia o nombre geográfico como elemento de entrada | Matemáticas |
| 9 (RLIN) | 72901 |
| 650 #4 - PUNTO DE ACCESO ADICIONAL DE MATERIA--TÉRMINO DE MATERIA | |
| Término de materia o nombre geográfico como elemento de entrada | Ciencias sociales |
| 9 (RLIN) | 23213 |
| 650 #4 - PUNTO DE ACCESO ADICIONAL DE MATERIA--TÉRMINO DE MATERIA | |
| Término de materia o nombre geográfico como elemento de entrada | Derecho |
| 9 (RLIN) | 31861 |
| 856 ## - LOCALIZACIÓN Y ACCESO ELECTRÓNICOS | |
| Identificador Uniforme del Recurso | <a href="https://academic.oup.com/">https://academic.oup.com/</a> |
| Nota pública | ACCESO RED UACh |
| 856 ## - LOCALIZACIÓN Y ACCESO ELECTRÓNICOS | |
| Identificador Uniforme del Recurso | <a href="https://chapingo.idm.oclc.org/login?url=https://academic.oup.com/">https://chapingo.idm.oclc.org/login?url=https://academic.oup.com/</a> |
| Nota pública | ACCESO EXTERNO |
| 856 ## - LOCALIZACIÓN Y ACCESO ELECTRÓNICOS | |
| Identificador Uniforme del Recurso | <a href="https://academic.oup.com/pages/open-research/open-access?login=false">https://academic.oup.com/pages/open-research/open-access?login=false</a> |
| Nota pública | ACCESO ABIERTO |
| 942 ## - ELEMENTOS DE PUNTO DE ACCESO ADICIONAL (KOHA) | |
| Tipo de ítem Koha | Recursos Electrónicos 2026 |
| Estado de retiro | Estado de pérdida | Fuente del sistema de clasificación o colocación | Estado dañado | No para préstamo | Código de colección | Localización permanente | Ubicación/localización actual | Ubicación en estantería | Fecha de adquisición | Total de préstamos | Fecha visto por última vez | Precio válido a partir de | Tipo de ítem Koha |
|---|---|---|---|---|---|---|---|---|---|---|---|---|---|
| Clasificación Universidad Autónoma de Chapingo | Recursos Electrónicos 2026 | Biblioteca Digital | Biblioteca Digital | En línea | 18/10/2024 | 18/10/2024 | 18/10/2024 | Recursos Electrónicos 2026 | |||||
| Clasificación Universidad Autónoma de Chapingo | Acceso Abierto | Biblioteca Digital | Biblioteca Digital | En línea | 18/10/2024 | 18/10/2024 | 18/10/2024 | Revistas - Acceso Abierto |
